Quizzes
Events
Quiz Creation
Community
Videos
Private Events
Remove Ads
Sign In
Join for FREE
Feedback
Dark Mode
Quiz Categories
Sports
Geography
Music
Movies
Television
Just For Fun
Miscellaneous
History
Literature
Language
Science
Gaming
Entertainment
Religion
Holiday
For Kids
Quiz Lab
Recent
Popular Today
Quiz Kudos Today
Editor Picks
Curator Picks
Quizzes by...
Day
Popularity
Type
Ratings
Length
Year
Community
Subscriptions
Recent Discussions
Orange Saloon
Badges
Playlists
Quests
Create
Leaderboards
Showdown
Live 5
Trivia Bingo
Activity
Puzzle Library
Sporcle Events
Private Events
Virtual Trivia
Globe League
Become a Host
Pub Owners
SporcleCon
Opinionation
Our Games
Videos
Blog
Mobile Apps
Partnerships
Remove Ads and Go Orange
Feedback
Sports
Athletes
MLB
NBA
NHL
NFL
Soccer
Sports Teams
WWE
NCAA
Football
Premier League
Basketball
Baseball
Hockey
Golf
Tennis
Cricket
Rugby
Auto Racing
Olympics
World Cup
Sports
Athletes
MLB
NBA
NHL
NFL
Soccer
Sports Teams
WWE
NCAA
Football
Premier League
Basketball
Baseball
Hockey
Golf
Tennis
Cricket
Rugby
Auto Racing
Olympics
World Cup
Random Quiz
Search Sporcle
×
Quiz Lab
Quiz Lab
Sports
NHL
Type in answers that appear in a list
Type in answers that appear in a list
Classic
Best Score? Go Orange.
2010-11 NHL Captains Stats
Can you name the 2010-11 NHL Captains?
By
Doogie2K
5m
30 Questions
316 Plays
316 Plays
316 Plays
Comments
Comments
Give Quiz Kudos
Give Quiz Kudos
-
- Ratings
hide this ad
More Info
Replay
Link that replays current quiz
Next Quiz
Link to next quiz in quiz playlist
You Got
0%
They Got
Avg Score
75%
Avg Friend Score
Upgrade to see
Score Distribution
Jump to the score distribution portion of the page
Score
0/30
Timer
05:00
0
Plays Today
Team
Captain
% Correct
Chicago Blackhawks
Jonathan Toews
95.3%
Calgary Flames
Jarome Iginla
94%
Boston Bruins
Zdeno Chara
93.7%
Pittsburgh Penguins
Sidney Crosby
93.4%
Washington Capitals
Alexander Ovechkin
92.4%
Columbus Blue Jackets
Rick Nash
91.5%
Detroit Red Wings
Nicklas Lidstrom
91.1%
Vancouver Canucks
Henrik Sedin
90.8%
San Jose Sharks
Joe Thornton
89.2%
Carolina Hurricanes
Eric Staal
88%
Anaheim Ducks
Ryan Getzlaf
87.3%
Philadelphia Flyers
Mike Richards
86.1%
Tampa Bay Lightning
Vincent Lecavalier
82%
Ottawa Senators
Daniel Alfredsson
80.4%
Phoenix Coyotes
Shane Doan
79.7%
Team
Captain
% Correct
Minnesota Wild
Mikko Koivu
77.8%
Montreal Canadiens
Brian Gionta
73.7%
Los Angeles Kings
Dustin Brown
71.5%
Dallas Stars
Brendan Morrow
70.6%
Nashville Predators
Shea Weber
70.6%
Toronto Maple Leafs
Dion Phaneuf
67.1%
New York Rangers
Chris Drury
66.1%
New Jersey Devils
Jamie Langenbrunner
63%
Colorado Avalanche
Adam Foote
60.1%
Edmonton Oilers
Shawn Horcoff
57.3%
Atlanta Thrashers
Andrew Ladd
57%
New York Islanders
Doug Weight
54.1%
Florida Panthers
Bryan McCabe
47.8%
Buffalo Sabres
Craig Rivet
47.2%
St. Louis Blues
Eric Brewer
36.7%
Quiz Playlist
Details
Report
Send in Message
Add To Playlist
More Info:
The season is young. Can you think of all the new and returning captains this year in the NHL?
Classic:
Type in answers that appear in a list
Quiz Source
Last Updated: Feb 16, 2017
Quiz Scoreboard
CHALLENGE
Sign Up to Join the Scoreboard
Show All
Scores
Hide
Comments
May contain spoilers
Recently Published
9x9 Crossword: Cartoon Network
by jackfrog10
Miscellaneous
3m
College Basketball Coaching Resumes
by pancakes188
Sports
9m
Billboard Blitz: Fleetwood Mac
by CooCooCachoo
Music
15s
More to Explore
Quiz From the Vault
Featured Blog Post
Where Did the Easter Bunny Come From?
hide this ad
You Might Also Like...
Tags
NHL Quiz
2010
captain
Today's Top Quizzes in Sports
Browse Sports
hide this ad
Today's Top Quizzes in NHL
Browse NHL
Top Contributed Quizzes in Sports
1
2022 World Cup Stars
2
Les meilleurs buteurs des matchs entre le PSG et l’OM
3
FIFA Club World Cup Champions
4
Les entraîneurs de l'OM et du PSG au 21e siècle
5
Criteria MLB: Left Handed Sluggers
6
AFC Teams Reveal (Wrong Answers Minefield)
7
2023 MLB Unique Player Accomplishments
8
5-to-1: FBS Animal Nicknames
9
Players with Multiple 50 Home Run Seasons
10
5-to-1: UK Sports Teams
Explore More
Trending Topics
Anime
Crossword
Kpop
NBA
Harry Potter
Disney
Marvel
Puzzle
Country
Pokémon
The Office
Soccer
NFL
Song
WWE
hide this ad
More By:
Doogie2K
Quiz
Plays
Rating
Category
Featured
Created
2010-11 NHL Captains
316
4.80
Sports
Oct 21, 2010
Pro Hockey (1970s)
223
5.00
Sports
Nov 23, 2010
Go to Creator's Profile
Score Distribution
Quiz Creator Spotlight
Doogie2K
Follow
Send a Message
Quizzes Created
-
Created Quiz Play Count
-
More By This Creator
Popular Quizzes Today
1
Find the US States - No Outlines Minefield
2
Find the Countries of Europe - No Outlines Minefield
3
The Countries of the World
4
Find the US States
5
Risky Map Clicking: Biggest States A-Z
6
US States
7
Popular People in 1961
8
Movies - When Are They Set?
More Sports Quizzes
Kaká's Career
Quiz Lab
Trending Quizzes
Risky Map Clicking: Least Populous States A-Z
1-10 Letter G Words
Risky Map Clicking: Next State Alphabetically
Adjectives in 80s TV Shows
Risky Map Clicking: Biggest States A-Z
Recently Updated
Leaping Animals
pecheneg
Reality TV Shows (A-Z)
bhenderson79
Rickey Henderson's Hall of Fame Teammates
pecheneg
Champions League XIs: Arsenal
pecheneg
Quick Pick: Celebrities in WWE's Hall of Fame
aduchscher
A-Z Keypad Blitz II
pecheneg
Multiple Oscar Actors
pecheneg
Mystery Phrase Blitz: Oscar 'Best Actors'
pecheneg
F. Scott Fitzgerald Novels
LTH
Pick 3 Villains
ddd62291
Trending Topics
Disney
Anime
Kpop
Marvel
NBA
Crossword
Harry Potter
Puzzle
NFL
The Office
Soccer
WWE
Pokémon
Country
Song
Your Account Isn't Verified!
In order to create a playlist on Sporcle, you need to verify the email address you used during registration. Go to your
Sporcle Settings
to finish the process.
Report this User
Report this user for behavior that violates our
Community Guidelines
.
Details:
Send Report
Go to the Sporcle.com Mobile Site →
Comments